LEADER 01236nam a2200301 i 4500 001 000000160416 003 CaOOAMICUS 005 20070321000000.0 008 070321s1985 it u000 u ita u 013 $a137779 020 $a88-18-23007-7 040 $aSeMil$bita 100 1 $aFèvre, Francis.$0(OLS)http://semarc/name/42261 240 10$aThéodora. Impératrice de Byzance.$0(OLS)http://semarc/title/143065 245 10$aTeodora imperatrice di Bisanzio /$cFrancis Fèvre. 260 $aMilano :$bRusconi,$c1985. 300 $a285 p., [10] p. di tav. :$bill. ;$c22 cm. 490 0 $aLe vite 500 $aContiene : Fonti - Bibliografia essenziale. - Fondo Card. Giovanni Colombo. 600 04$aTeodora .$0(OLS)http://semarc/subject/17410 830 3$aLe vite.$0(OLS)http://semarc/title/7309 850 $aSeMil 852 $aSeMil$W1$xVenegono$y1$m1O II 147$j111891$B111891$CSeMilBibl$Z2$F121903 $81 941 1 $a3 961 $aLascito: Colombo Card. Giovanni 996 $6020$a88-18-23007-7$9(OLS)http://semarc/number/76236 996 $6245$aTeodora imperatrice di Bisanzio$9(OLS)http://semarc/title/143064 996 $6260$aMilano :$bRusconi$9(OLS)http://semarc/publisher/30258 LEADER 01310nam a2200217 i 4500 001 000000041338 003 CaOOAMICUS 005 19950209000000.0 008 950209n it u000 u ita u 013 $a12508 020 $a8886121377 040 $aSeMil$bita 245 10$aCarlo Bascapè :$bsulle orme del Borromeo : coscienza e azione pastorale in un vescovo di fine Cinquecento . Novara : Diocesi di Novara : Interlinea, 1994. 514 p., XXIII p. di tav. ; 25 cm. ((Sul verso dell'occhietto : Raccolta di Atti dei Convegni di Studio di Novara. 600 04$aBorromeo, Carlo .$0(OLS)http://semarc/subject/690 600 14$aBascapè, Carlo .$0(OLS)http://semarc/subject/1078 650 4$aNovara (Diocesi).$0(OLS)http://semarc/subject/6557 850 $aSeMil 852 $aSeMil$W1$xVenegono$y1$m3G V 68$j7493$B7493$CSeMilBibl$Z2$F7493 $81 961 $aAcquisto: Casa editrice 996 $6020$a8886121377$9(OLS)http://semarc/number/12080 996 $6245$aCarlo Bascapè :$bsulle orme del Borromeo : coscienza e azione pastorale in un vescovo di fine Cinquecento . Novara : Diocesi di Novara : Interlinea, 1994. 514 p., XXIII p. di tav. ; 25 cm. ((Sul verso dell'occhietto : Raccolta di Atti dei Convegni di Studio di Novara$9(OLS)http://semarc/title/59821